Serie A 200 or More Goals -Sudden Death- - Statistics

General Stats
  • This quiz has been taken 56 times
  • The average score is 2 of 8
Answers on the Grid
Answers color-coded by a green-red scale on the quiz's grid according to % correct below.
Alberto Gilardino
Alessandro Del Piero
Amedeo Amadei
Andriy Shevchenko
Antonio Di Natale
Christian Vieri
Ciro Immobile
David Trezeguet
Domenico Berardi
Duván Zapata
Fabio Quagliarella
Filippo Inzaghi
Francesco Totti
Gabriel Batistuta
Giampiero Boniperti
Giuseppe Meazza
Giuseppe Savoldi
Giuseppe Signori
Gonzalo Higuaín
Gunnar Nordahl
Hernán Crespo
José Altafini
Kurt Hamrin
Lautaro Martínez
Luca Toni
Paulo Dybala
Roberto Baggio
Roberto Mancini
Silvio Piola
Zlatan Ibrahimović
 
Answer Stats
Answer % Correct
Antonio Di Natale
70%
Ciro Immobile
53%
Francesco Totti
43%
Giuseppe Meazza
13%
Silvio Piola
13%
Gunnar Nordahl
10%
Roberto Baggio
7%
José Altafini
3%
No matching quizzes found
Score Distribution
Percent of People with Each Score
Percentile by Number Answered
Your Score History
You have not taken this quiz